| 000 | 00666nam a22002177a 4500 | ||
|---|---|---|---|
| 999 |
_c14193 _d14193 |
||
| 003 | AR-CdUCM | ||
| 008 | 190422b ||||| |||| 00| 0 spa d | ||
| 040 |
_aMUNICIPALIDAD PROVINCIAL DEL CUSCO _cBIBLIOTECA MUNICIPAL DEL CUSCO |
||
| 082 |
_a869.15 / _bB34 |
||
| 100 |
_aBecerra, Gabriela _932868 |
||
| 245 | _aUna indita en su chinampa coplas para niñas y niños | ||
| 260 | _bEdiciones Ermitaño, | ||
| 300 |
_a38 paginas ; _bilustraciones, _c28 cm. |
||
| 500 | _aCuentos | ||
| 650 |
_aCuento _94671 |
||
| 650 |
_aHistoria _9136 |
||
| 650 |
_aLiteratura _983 |
||
| 700 |
_aPellicer López, Carlos _932869 |
||
| 942 |
_2ddc _cLIBROS |
||
| 945 |
_apjha _d2019-04-22 |
||